| 000 | 00844cam a22002651 4500 | ||
|---|---|---|---|
| 001 | 1483 | ||
| 003 | BD-RjUL | ||
| 005 | 20211208233339.0 | ||
| 008 | 131125s1966 nyua b 001 0 eng d | ||
| 035 | _a(BD-RjUL)1506 | ||
| 040 |
_aDLC _cDLC _dDLC _dBD-RjUL _beng |
||
| 041 | _aeng | ||
| 082 | 0 | 0 |
_a616.89 _bPHS 1966 |
| 100 | 1 |
_aPhillips, E. Lakin _q(Ewing Lakin), _d1915-1994. _94387 |
|
| 245 | 1 | 0 |
_aShort-term psychotherapy and structured behavior change / _cby E. Lakin Phillips [and] Daniel N. Wiener. |
| 260 |
_aNew York : _bMcGraw-Hill; _c1966. |
||
| 300 |
_axi, 244 p. _billus. _c23 cm. |
||
| 504 | _aBibliography: p. 225-238. | ||
| 504 | _aIndex: p. 239-244. | ||
| 650 | 0 |
_aPsychotherapy. _94388 |
|
| 700 | 1 |
_aWiener, Daniel N. _q(Daniel Norman), _ejoint author. _94389 |
|
| 942 |
_2ddc _cBK |
||
| 999 |
_c1483 _d1483 |
||